00898nam a22001217a 4500008004100000020001500041050001300056100002300069245008500092260003500177300002000212505054400232120831t xxu||||| |||| 00| 0 eng d a0079115942 aHM51.F32 aFeigelman, William aHands on sociology: using computers to learn about society. /cWilliam Feigelman aNew York:bMcGraw-Hill,c1993. av,151 p:c25cm. aContents: Doing sociological research and using survey data -- How to use your student version of microcase with your computer -- Getting started: Analyzing the correlates of abortion attitudes -- Some finer points in doing crosstabulating analyses -- Culture -- Socialization -- Social satisfaction -- Race and ethnic relations -- Urbanization -- The American family -- Appendix A: Distribution of chi-square probabilities -- Appendix B: List of variable labels -- Appendix C: List of variables, descriptions, and values quick reference.